El control de los cuerpos en la era del poder 3.0 / (Registro nro. 3505)

Detalles MARC
000 -CABECERA
campo de control de longitud fija 01298nam a22003377a 4500
003 - IDENTIFICADOR DEL NÚMERO DE CONTROL
campo de control AR-RoIUNI
005 - FECHA Y HORA DE LA ÚLTIMA TRANSACCIÓN
campo de control 20210412133127.0
007 - CAMPO FIJO DE DESCRIPCIÓN FÍSICA--INFORMACIÓN GENERAL
campo de control de longitud fija ta
008 - DATOS DE LONGITUD FIJA--INFORMACIÓN GENERAL
campo de control de longitud fija 170330s2016 ag |||||r|||| 00| 0 spa d
040 ## - FUENTE DE LA CATALOGACIÓN
Lengua de catalogación spa
Centro/agencia transcriptor AR-RoIUNI
Normas de descripción aarc2
041 ## - CÓDIGO DE LENGUA
Código de lengua del texto/banda sonora o título independiente spa
080 ## - NÚMERO DE LA CLASIFICACIÓN DECIMAL UNIVERSAL
Número de la Clasificación Decimal Universal 316.77:396
100 1# - ENTRADA PRINCIPAL--NOMBRE DE PERSONA
Nombre de persona Fratini, Cecilia N.
245 13 - MENCIÓN DE TÍTULO
Título El control de los cuerpos en la era del poder 3.0 /
Mención de responsabilidad, etc. Cecilia N. Fratini ; director Diego García.
260 ## - PUBLICACIÓN, DISTRIBUCIÓN, ETC. (PIE DE IMPRENTA)
Lugar de publicación, distribución, etc. Rosario :
Nombre del editor, distribuidor, etc. La autora,
Fecha de publicación, distribución, etc. 2016.
300 ## - DESCRIPCIÓN FÍSICA
Extensión 59 p. ;
Dimensiones 30 cm.
500 ## - NOTA GENERAL
Nota general Trabajo integrador final obligatorio (TIFO). Escuela de psicología, Instituto Universitario Italiano de Rosario.
504 ## - NOTA DE BIBLIOGRAFÍA, ETC.
Bibliografía, etc. Incluye bibliografía.
505 0# - NOTA DE CONTENIDO CON FORMATO
Nota de contenido con formato Capítulo 1. El control de los cuerpos. De las disciplinas a las sociedades de control -- Capítulo 2. Internet, la nueva era. Modernidad y vigilancia líquida -- Capítulo 3. La liquidez de los vínculos -- Capítulo 4. La invasión Smart.
600 1# - PUNTO DE ACCESO ADICIONAL DE MATERIA--NOMBRE DE PERSONA
Nombre de persona Foucault, Michel,
Fechas asociadas al nombre 1926-1984
Subdivisión general CRÍTICA E INTERPRETACIÓN
600 1# - PUNTO DE ACCESO ADICIONAL DE MATERIA--NOMBRE DE PERSONA
Nombre de persona Bauman, Zygmunt,
Fechas asociadas al nombre 1925-2017
Subdivisión general CRÍTICA E INTERPRETACIÓN
650 #4 - PUNTO DE ACCESO ADICIONAL DE MATERIA--TÉRMINO DE MATERIA
Término de materia o nombre geográfico como elemento inicial PSICOLOGÍA
9 (RLIN) 108
650 #4 - PUNTO DE ACCESO ADICIONAL DE MATERIA--TÉRMINO DE MATERIA
Término de materia o nombre geográfico como elemento inicial TESIS
9 (RLIN) 513
650 #4 - PUNTO DE ACCESO ADICIONAL DE MATERIA--TÉRMINO DE MATERIA
Término de materia o nombre geográfico como elemento inicial SOCIOLOGÍA
9 (RLIN) 560
650 #4 - PUNTO DE ACCESO ADICIONAL DE MATERIA--TÉRMINO DE MATERIA
Término de materia o nombre geográfico como elemento inicial TECNOLOGÍA
650 #4 - PUNTO DE ACCESO ADICIONAL DE MATERIA--TÉRMINO DE MATERIA
Término de materia o nombre geográfico como elemento inicial MODERNIDAD
653 ## - TÉRMINO DE INDIZACIÓN--NO CONTROLADO
Término no controlado MECANISMOS DE CONTROL
653 ## - TÉRMINO DE INDIZACIÓN--NO CONTROLADO
Término no controlado TIFO
700 1# - PUNTO DE ACCESO ADICIONAL--NOMBRE DE PERSONA
Nombre de persona García, Diego.
942 ## - ELEMENTOS DE PUNTO DE ACCESO ADICIONAL (KOHA)
Fuente del sistema de clasificación o colocación Clasificación Decimal Universal
Tipo de ítem Koha Libros
Existencias
Estado de retiro Estado de pérdida Fuente del sistema de clasificación o colocación Estado dañado Restricciones de uso Excepción de préstamo Código de colección Localización permanente Ubicación/localización actual Ubicación en estantería Fecha de adquisición Fuente de adquisición Número de inventario Total de préstamos Signatura topográfica completa Código de barras Fecha visto por última vez Número de copia Precio válido a partir de Tipo de ítem Koha Nota pública
    Clasificación Decimal Universal   Consulta en biblioteca No sale TIFO BIBLIOTECA RIOBAMBA BIBLIOTECA RIOBAMBA BIBLIOTECA RIOBAMBA 31/03/2017 Donación 3622   316.77:396 FRA 3622 31/03/2017 1 31/03/2017 TIFO 2016
    Clasificación Decimal Universal         BIBLIOTECA VENADO TUERTO BIBLIOTECA VENADO TUERTO BIBLIOTECA VENADO TUERTO 27/08/2025   8986   316.77:396 FRA 8986 27/08/2025   27/08/2025 Libros